[Event "Porlamar FVA"]
[Site "Porlamar"]
[Date "2018.03.14"]
[Round "1.1"]
[White "Palomo, Franklin Annervys"]
[Black "Ostos, Julio Eduardo"]
[Result "1/2-1/2"]
[WhiteElo "2347"]
[BlackElo "2242"]
[PlyCount "34"]
[EventDate "2018.03.14"]
[EventType "tourn"]
[EventRounds "9"]
[EventCountry "VEN"]
[SourceTitle "EXT 2022"]
[Source "ChessBase"]
[SourceDate "2021.10.06"]
[SourceVersion "1"]
[SourceVersionDate "2021.10.06"]
[SourceQuality "1"]

1. Nf3 Nf6 2. g3 g6 3. Bg2 Bg7 4. 0-0 0-0 5. d4 c5 6. c4 cxd4 7. Nxd4 Nc6 8. Nc3 Qa5 9. Nc2 d6 10. h3 Qh5 11. e4 Be6 12. Ne3 Rfc8 13. Bd2 Ne5 14. Ncd5 Qxd1 15. Rfxd1 Nxd5 16. cxd5 Bd7 17. Bc3 Nc4 1/2-1/2

[Event "Porlamar Margarita"]
[Site "Porlamar"]
[Date "2018.03.11"]
[Round "8"]
[White "Sanchez Alvarez, Kelvin Antonio"]
[Black "Ostos, Julio Eduardo"]
[Result "1/2-1/2"]
[WhiteElo "2261"]
[BlackElo "2242"]
[PlyCount "99"]
[EventDate "2018.03.07"]
[EventType "tourn"]
[EventRounds "9"]
[EventCountry "VEN"]
[SourceTitle "EXT 2019"]
[Source "ChessBase"]
[SourceDate "2018.10.10"]
[SourceVersion "1"]
[SourceVersionDate "2018.10.10"]
[SourceQuality "1"]

1. c4 Nf6 2. Nc3 c5 3. Nf3 g6 4. d4 Bg7 5. g3 0-0 6. Bg2 cxd4 7. Nxd4 Nc6 8. Nc2 d6 9. 0-0 Qa5 10. Qd2 Be6 11. b3 Rfc8 12. Bb2 a6 13. Rfd1 Qh5 14. Na4 Rab8 15. Nb6 Ng4 16. Bxg7 Qxh2+ 17. Kf1 Kxg7 18. Nxc8 Rxc8 19. Qg5 Bf5 20. Ne1 Nce5 21. Qh4 Qxh4 22. gxh4 Rc7 23. Nf3 Nxf3 24. Bxf3 Ne5 25. Kg2 h5 26. Rd2 b6 27. e4 Bc8 28. Be2 Bb7 29. f3 f6 30. Kf2 g5 31. Rg1 Kh6 32. Ke3 Ng6 33. hxg5+ fxg5 34. b4 Nf4 35. Bf1 Bc8 36. Rh1 Be6 37. Rc2 Kg6 38. a4 a5 39. bxa5 bxa5 40. Rhh2 Bd7 41. Ra2 h4 42. Rhb2 Kf6 43. Rb8 h3 44. Ra8 Rb7 45. Rh2 Rb1 46. Kf2 Bxa4 47. Rxa5 Bd7 48. c5 dxc5 49. Rxc5 Rb2+ 50. Kg1 1/2-1/2

[Event "San Pedro del Rio FVA Cup"]
[Site "San Pedro del Rio"]
[Date "2018.02.11"]
[Round "8"]
[White "Ostos, Julio Eduardo"]
[Black "Vivas Zamora, Fabian Ernesto"]
[Result "1/2-1/2"]
[WhiteElo "2235"]
[BlackElo "2283"]
[PlyCount "86"]
[EventDate "2018.02.07"]
[EventType "tourn"]
[EventRounds "9"]
[EventCountry "VEN"]
[EventCategory "2"]
[SourceTitle "CBM 182 Extra"]
[Source "ChessBase"]
[SourceDate "2018.02.23"]
[SourceVersion "1"]
[SourceVersionDate "2018.02.23"]
[SourceQuality "1"]

1. e4 c5 2. Nf3 d6 3. Nc3 a6 4. d4 cxd4 5. Nxd4 Nf6 6. Bg5 Nbd7 7. f4 e5 8. Nf5 Qb6 9. Qd2 Qxb2 10. Rb1 Qa3 11. Bb5 axb5 12. Nxb5 Qa5 13. Nbxd6+ Bxd6 14. Nxd6+ Ke7 15. c3 Ra6 16. Rd1 Qc5 17. Nf5+ Kf8 18. fxe5 Qxe5 19. 0-0 Nxe4 20. Qe3 Re6 21. Nd4 Nxg5 22. Qxg5 Re8 23. Nf5 h6 24. Qh4 Nf6 25. Nd6 Qc5+ 26. Kh1 Re6 27. Nf5 Kg8 28. Qg3 g6 29. Nd4 Rd6 30. Rde1 Kg7 31. Re5 Qc4 32. Ree1 Re8 33. Qxd6 Nd5 34. h3 Rxe1 35. Rxe1 Qxc3 36. Nf3 Nf6 37. Qd4 Qa3 38. Rb1 Bxh3 39. Rxb7 Qc1+ 40. Kh2 Be6 41. a4 Qc6 42. Rb1 Bf5 43. Ra1 Kh7 1/2-1/2

[Event "San Pedro del Rio FVA Cup"]
[Site "San Pedro del Rio"]
[Date "2018.02.08"]
[Round "2"]
[White "Ostos, Julio Eduardo"]
[Black "Sanchez, Sebastian Felipe"]
[Result "1/2-1/2"]
[WhiteElo "2235"]
[BlackElo "2395"]
[PlyCount "69"]
[EventDate "2018.02.07"]
[EventType "tourn"]
[EventRounds "9"]
[EventCountry "VEN"]
[EventCategory "2"]
[SourceTitle "CBM 182 Extra"]
[Source "ChessBase"]
[SourceDate "2018.02.23"]
[SourceVersion "1"]
[SourceVersionDate "2018.02.23"]
[SourceQuality "1"]

1. e4 c5 2. Nf3 e6 3. d4 cxd4 4. Nxd4 Nc6 5. Nc3 Qc7 6. Qd3 Nf6 7. Ndb5 Qb8 8. Qg3 d6 9. Be3 a6 10. Nd4 Bd7 11. 0-0-0 b5 12. Bd3 b4 13. Nce2 a5 14. Nxc6 Bxc6 15. Nd4 Bd7 16. Rhe1 Qb7 17. Bg5 h6 18. Bxf6 gxf6 19. e5 fxe5 20. Be4 Qa6 21. Bxa8 Qxa8 22. Nf3 Bc6 23. Nd2 Bd5 24. f4 exf4 25. Qxf4 Be7 26. Kb1 Qc6 27. g3 Bg5 28. Qd4 0-0 29. Ne4 Rc8 30. c4 Bxc4 31. Nxd6 Bxa2+ 32. Kxa2 Qa4+ 33. Kb1 Qc2+ 34. Ka1 Qa4+ 35. Kb1 1/2-1/2

[Event "San Pedro del Rio FVA Cup"]
[Site "San Pedro del Rio"]
[Date "2018.02.07"]
[Round "1"]
[White "Valderrama Espinosa, Gilberto"]
[Black "Ostos, Julio Eduardo"]
[Result "0-1"]
[WhiteElo "2242"]
[BlackElo "2235"]
[PlyCount "80"]
[EventDate "2018.02.07"]
[EventType "tourn"]
[EventRounds "9"]
[EventCountry "VEN"]
[EventCategory "2"]
[SourceTitle "CBM 182 Extra"]
[Source "ChessBase"]
[SourceDate "2018.02.23"]
[SourceVersion "1"]
[SourceVersionDate "2018.02.23"]
[SourceQuality "1"]

1. d4 Nf6 2. Nf3 c5 3. e3 g6 4. Bd3 Bg7 5. 0-0 0-0 6. Nbd2 Qc7 7. b3 cxd4 8. exd4 Nc6 9. c3 Nd5 10. Bb2 Nf4 11. Bc2 d5 12. Re1 Re8 13. Rc1 Bg4 14. h3 Bh5 15. Re3 e5 16. Qe1 e4 17. Nh2 g5 18. Ndf1 Bg6 19. f3 f5 20. fxe4 dxe4 21. b4 Bf7 22. Ng3 Qd7 23. Qd2 Ne5 24. Bb3 Bxb3 25. axb3 Ned3 26. Rf1 Nxb2 27. Qxb2 Nd3 28. Rxd3 exd3 29. Rxf5 Rf8 30. Rxf8+ Rxf8 31. Qd2 Bxd4+ 32. cxd4 Qxd4+ 33. Kh1 Qa1+ 34. Nhf1 Rxf1+ 35. Kh2 Qe5 36. Qxd3 Rc1 37. Qd8+ Kg7 38. h4 Rc3 39. Qd7+ Kg6 40. Qg4 Rxb3 0-1

[Event "San Cristobal FISS op 28th"]
[Site "San Cristobal"]
[Date "2018.02.04"]
[Round "8"]
[White "Ostos, Julio Eduardo"]
[Black "Martinez, Jorge Alexander"]
[Result "1-0"]
[WhiteElo "2271"]
[BlackElo "2280"]
[PlyCount "93"]
[EventDate "2018.01.31"]
[EventType "tourn"]
[EventRounds "9"]
[EventCountry "VEN"]
[SourceTitle "CBM 182 Extra"]
[Source "ChessBase"]
[SourceDate "2018.02.23"]
[SourceVersion "1"]
[SourceVersionDate "2018.02.23"]
[SourceQuality "1"]

1. e4 c5 2. Nf3 e6 3. d4 cxd4 4. Nxd4 a6 5. Bd3 Qc7 6. Nc3 Nf6 7. Qe2 d6 8. f4 Nbd7 9. g4 g6 10. g5 Nh5 11. Be3 b5 12. a3 Bb7 13. Rf1 Nc5 14. 0-0-0 Ng7 15. f5 gxf5 16. exf5 e5 17. f6 Nge6 18. Nxe6 Nxe6 19. Be4 Bxe4 20. Nxe4 0-0-0 21. Nc3 Kb8 22. Nd5 Qb7 23. Kb1 Rc8 24. Rg1 Nc7 25. Nb6 Rd8 26. c4 h6 27. g6 fxg6 28. cxb5 axb5 29. Bf2 g5 30. Rg3 Rh7 31. Rb3 Rf7 32. Nd5 Nxd5 33. Rxb5 Nxf6 34. Rxb7+ Rxb7 35. Qa6 Be7 36. Rd3 Rdd7 37. Bb6 Ne4 38. Ka2 d5 39. Rb3 Bc5 40. Rb5 d4 41. Bxc5 Nxc5 42. Rxc5 d3 43. Qc6 Ka7 44. Rd5 Re7 45. Qa4+ Kb8 46. Rd8+ Kc7 47. Rxd3 1-0

[Event "San Cristobal FISS op 28th"]
[Site "San Cristobal"]
[Date "2018.01.31"]
[Round "1"]
[White "Ostos, Julio Eduardo"]
[Black "Ruiz Aguilar, Pablo Alexander"]
[Result "1-0"]
[WhiteElo "2271"]
[BlackElo "2278"]
[PlyCount "41"]
[EventDate "2018.01.31"]
[EventType "tourn"]
[EventRounds "9"]
[EventCountry "VEN"]
[SourceTitle "CBM 182 Extra"]
[Source "ChessBase"]
[SourceDate "2018.02.23"]
[SourceVersion "1"]
[SourceVersionDate "2018.02.23"]
[SourceQuality "1"]

1. e4 c5 2. Nf3 e6 3. Nc3 a6 4. d4 cxd4 5. Nxd4 Qc7 6. Bd3 Nf6 7. Qe2 Bb4 8. 0-0 Bxc3 9. bxc3 Qxc3 10. Nb3 d6 11. Ba3 Qc7 12. Nd2 Nbd7 13. Nc4 Nc5 14. Nxd6+ Qxd6 15. e5 Qd4 16. exf6 gxf6 17. Qf3 Nxd3 18. Rad1 f5 19. Rxd3 Qf6 20. Rfd1 Rg8 21. Qf4 1-0

[Event "VEN-ch"]
[Site "Santo Domingo"]
[Date "2018.01.13"]
[Round "9"]
[White "Pacheco Lugo, Alejandro Jose"]
[Black "Ostos, Julio Eduardo"]
[Result "1-0"]
[WhiteElo "2190"]
[BlackElo "2271"]
[PlyCount "39"]
[EventDate "2018.01.09"]
[EventType "tourn"]
[EventRounds "11"]
[EventCountry "VEN"]
[SourceTitle "CBM 182 Extra"]
[Source "ChessBase"]
[SourceDate "2018.02.23"]
[SourceVersion "1"]
[SourceVersionDate "2018.02.23"]
[SourceQuality "1"]

1. e4 e6 2. d4 d5 3. Nd2 Nf6 4. e5 Nfd7 5. c3 c5 6. f4 Nc6 7. Ndf3 Qb6 8. g3 cxd4 9. cxd4 g5 10. fxg5 Bb4+ 11. Ke2 h6 12. gxh6 f6 13. Qd3 fxe5 14. Qg6+ Kd8 15. Qg7 Rf8 16. h7 Nxd4+ 17. Kd1 Nxf3 18. Nxf3 Rxf3 19. h8Q+ Kc7 20. Qg4 1-0

[Event "Valencia Martis Cup (Women) 1st"]
[Site "Valencia"]
[Date "2017.12.05"]
[Round "1"]
[White "Ostos, Julio Eduardo"]
[Black "Sequeda Mendoza, Nancy Stella"]
[Result "1-0"]
[WhiteElo "2221"]
[BlackElo "1923"]
[PlyCount "49"]
[EventDate "2017.12.05"]
[EventType "tourn"]
[EventRounds "9"]
[EventCountry "VEN"]
[SourceTitle "CBM 182 Extra"]
[Source "ChessBase"]
[SourceDate "2018.02.23"]
[SourceVersion "1"]
[SourceVersionDate "2018.02.23"]
[SourceQuality "1"]

1. e4 c5 2. Nf3 e6 3. Nc3 Nc6 4. Bb5 Qc7 5. 0-0 Nf6 6. Re1 Be7 7. e5 Ng4 8. Bxc6 bxc6 9. d3 d6 10. Bf4 0-0 11. exd6 Bxd6 12. Bxd6 Qxd6 13. Qd2 Bb7 14. Ne4 Qd5 15. Qc3 c4 16. dxc4 Qh5 17. h3 Nh6 18. Nd6 Rab8 19. Re5 f5 20. Rxe6 c5 21. Re7 Rf7 22. Nxf7 Nxf7 23. Qb3 Nd6 24. Rd1 Qh6 25. Rxd6 1-0

[Event "Caracas Jovenes"]
[Site "Caracas"]
[Date "2017.12.02"]
[Round "7"]
[White "Sanchez Alvarez, Kelvin Antonio"]
[Black "Ostos, Julio Eduardo"]
[Result "0-1"]
[WhiteElo "2318"]
[BlackElo "2221"]
[PlyCount "52"]
[EventDate "2017.11.29"]
[EventType "tourn"]
[EventRounds "9"]
[EventCountry "VEN"]
[SourceTitle "EXT 2019"]
[Source "ChessBase"]
[SourceDate "2018.10.10"]
[SourceVersion "1"]
[SourceVersionDate "2018.10.10"]
[SourceQuality "1"]

1. e4 e6 2. d4 d5 3. Nd2 Nf6 4. e5 Nfd7 5. c3 c5 6. f4 Nc6 7. Ndf3 Qb6 8. g3 cxd4 9. cxd4 g5 10. fxg5 Bb4+ 11. Ke2 h6 12. gxh6 Bf8 13. g4 f6 14. exf6 Nxf6 15. g5 Ne4 16. Qb3 Qa6+ 17. Ke1 Qa5+ 18. Ke2 b6 19. Ke3 Nxd4 20. Qd3 Nf5+ 21. Kf4 Bd6+ 22. Ne5 0-0 23. b4 Qxb4 24. Ba3 Nxh6+ 25. Ke3 Bc5+ 26. Ke2 Rf2+ 0-1

[Event "Caracas Jovenes"]
[Site "Caracas"]
[Date "2017.11.30"]
[Round "3"]
[White "Zambrano Rodriguez, Alexander"]
[Black "Ostos, Julio Eduardo"]
[Result "1/2-1/2"]
[WhiteElo "2252"]
[BlackElo "2221"]
[PlyCount "69"]
[EventDate "2017.11.29"]
[EventType "tourn"]
[EventRounds "9"]
[EventCountry "VEN"]
[SourceTitle "EXT 2019"]
[Source "ChessBase"]
[SourceDate "2018.10.10"]
[SourceVersion "1"]
[SourceVersionDate "2018.10.10"]
[SourceQuality "1"]

1. e4 e6 2. d4 d5 3. e5 c5 4. c3 Nc6 5. Nf3 Bd7 6. a3 Nge7 7. b4 cxd4 8. cxd4 Nf5 9. Bb2 Qb6 10. g4 Nfe7 11. Nc3 h5 12. Na4 Qd8 13. Nc5 Bc8 14. g5 Nf5 15. Rc1 Bxc5 16. dxc5 Nce7 17. Bd3 Bd7 18. Rg1 g6 19. Nd4 Nxd4 20. Bxd4 0-0 21. Bb2 Qe8 22. Rc3 Bb5 23. Bb1 a5 24. Rh3 axb4 25. axb4 Ra4 26. Qd2 Bc4 27. Bc2 Ra2 28. Bb1 Ra4 29. Bc2 Ra2 30. Bb1 Qa4 31. Bxa2 Qxa2 32. Qc2 Nc6 33. Ra3 Nxb4 34. Rxa2 Nxc2+ 35. Kd2 1/2-1/2

[Event "Caracas FVA 80th Ann"]
[Site "Caracas"]
[Date "2015.12.18"]
[Round "6"]
[White "Ostos, Julio Eduardo"]
[Black "Rovira Contreras, Tairu Manuela"]
[Result "1/2-1/2"]
[WhiteElo "2214"]
[BlackElo "2096"]
[PlyCount "25"]
[EventDate "2015.12.16"]
[EventType "swiss"]
[EventRounds "8"]
[EventCountry "VEN"]
[SourceTitle "EXT 2018"]
[Source "ChessBase"]
[SourceDate "2017.10.13"]
[SourceVersion "1"]
[SourceVersionDate "2017.10.13"]
[SourceQuality "1"]

1. e4 e5 2. Nf3 Nc6 3. Bb5 a6 4. Ba4 Nf6 5. d4 exd4 6. 0-0 Be7 7. Re1 0-0 8. e5 Ne8 9. c3 dxc3 10. Nxc3 d6 11. exd6 Nxd6 12. Bxc6 bxc6 13. Ne5 1/2-1/2

[Event "Caracas FVA 80th Ann"]
[Site "Caracas"]
[Date "2015.12.17"]
[Round "4"]
[White "Ostos, Julio Eduardo"]
[Black "Ramirez Marino, Richard Daniel"]
[Result "1-0"]
[WhiteElo "2214"]
[BlackElo "1981"]
[PlyCount "75"]
[EventDate "2015.12.16"]
[EventType "swiss"]
[EventRounds "8"]
[EventCountry "VEN"]
[SourceTitle "EXT 2018"]
[Source "ChessBase"]
[SourceDate "2017.10.13"]
[SourceVersion "1"]
[SourceVersionDate "2017.10.13"]
[SourceQuality "1"]

1. e4 e5 2. Nf3 Nc6 3. Bb5 a6 4. Ba4 Nf6 5. d4 exd4 6. 0-0 Be7 7. e5 Ne4 8. Nxd4 Nxd4 9. Qxd4 Nc5 10. Nc3 Nxa4 11. Qxa4 0-0 12. Rd1 f6 13. Qc4+ Kh8 14. Nd5 c6 15. Nxe7 Qxe7 16. exf6 Qxf6 17. Qc5 Qf5 18. Be3 Rf6 19. Rd6 Qxc5 20. Bxc5 Rxd6 21. Bxd6 Kg8 22. Re1 Kf7 23. Re7+ Kf6 24. g4 h6 25. f4 a5 26. Kf2 b6 27. h4 Ba6 28. Kf3 Bc4 29. g5+ hxg5 30. hxg5+ Kf5 31. Re5+ Kg6 32. Kg4 Kf7 33. Re7+ Kg8 34. g6 Bxa2 35. Be5 a4 36. Rxg7+ Kf8 37. Rh7 Bg8 38. Bd6+ 1-0

[Event "Caracas FVA 80th Ann"]
[Site "Caracas"]
[Date "2015.12.16"]
[Round "1"]
[White "Molina Quevedo, Endry Alexander"]
[Black "Ostos, Julio Eduardo"]
[Result "0-1"]
[WhiteElo "1709"]
[BlackElo "2214"]
[PlyCount "56"]
[EventDate "2015.12.16"]
[EventType "swiss"]
[EventRounds "8"]
[EventCountry "VEN"]
[SourceTitle "EXT 2018"]
[Source "ChessBase"]
[SourceDate "2017.10.13"]
[SourceVersion "1"]
[SourceVersionDate "2017.10.13"]
[SourceQuality "1"]

1. c4 Nf6 2. Nc3 g6 3. g3 Bg7 4. Bg2 0-0 5. d4 c5 6. Nf3 cxd4 7. Nxd4 Nc6 8. 0-0 Ng4 9. e3 d6 10. Nxc6 bxc6 11. Bxc6 Rb8 12. Qc2 Ne5 13. Qa4 Nxc6 14. Qxc6 Bb7 15. Qa4 Bxc3 16. bxc3 Bf3 17. h3 Qc8 18. Kh2 Qf5 19. e4 Bxe4 20. Be3 Qf3 21. Rg1 Qxe3 22. fxe3 Rb2+ 23. Rg2 Rxg2+ 24. Kh1 Rxg3+ 25. Kh2 Rg2+ 26. Kh1 Rxa2+ 27. Kg1 Rxa4 28. Rxa4 Ra8 0-1

[Event "Panamericano-ch Senior 50"]
[Site "Porlamar"]
[Date "2015.08.22"]
[Round "2.2"]
[White "Ostos, Julio Eduardo"]
[Black "Quijada, Leonardo"]
[Result "1/2-1/2"]
[WhiteElo "2242"]
[BlackElo "1968"]
[PlyCount "57"]
[EventDate "2015.08.22"]
[EventType "swiss"]
[EventRounds "9"]
[EventCountry "VEN"]
[SourceTitle "EXT 2024"]
[Source "ChessBase"]
[SourceDate "2023.10.10"]
[SourceVersion "1"]
[SourceVersionDate "2023.10.10"]
[SourceQuality "1"]

1. e4 c6 2. d4 d5 3. e5 Bf5 4. Nf3 e6 5. Be2 c5 6. 0-0 Nc6 7. Be3 Qb6 8. Nc3 a6 9. Na4 Qa5 10. Nxc5 Bxc5 11. dxc5 Nge7 12. c3 Bg4 13. Bd4 Nf5 14. a3 0-0 15. h3 Bxf3 16. Bxf3 Nfxd4 17. cxd4 Qb5 18. Qd2 Na5 19. Qc3 b6 20. a4 Nc6 21. Rfb1 bxc5 22. a5 Qb6 23. b3 Qxa5 24. Qxa5 Nxa5 25. Be2 Nc6 26. Rb2 Nxd4 27. Bxa6 Nxb3 28. Rxb3 Rxa6 29. Rb6 1/2-1/2

[Event "Caracas Metro"]
[Site "Fuerte Tiuna"]
[Date "2014.02.15"]
[Round "7"]
[White "Vidal Melendez, Ismael David"]
[Black "Ostos, Julio Eduardo"]
[Result "1/2-1/2"]
[WhiteElo "2250"]
[BlackElo "2272"]
[PlyCount "44"]
[EventDate "2014.02.12"]
[EventType "tourn"]
[EventRounds "9"]
[EventCountry "VEN"]
[SourceTitle "CBM 158 Extra"]
[Source "ChessBase"]
[SourceDate "2014.02.28"]
[SourceVersion "1"]
[SourceVersionDate "2014.02.28"]
[SourceQuality "1"]

1. d4 Nf6 2. c4 c5 3. d5 g6 4. Nc3 Bg7 5. e4 0-0 6. Be3 Qa5 7. f3 e6 8. Qd2 exd5 9. cxd5 a6 10. a3 d6 11. Bd3 Re8 12. Nge2 Nbd7 13. 0-0 Ne5 14. Rfc1 c4 15. Bc2 Nfd7 16. f4 Ng4 17. Bd4 Bxd4+ 18. Nxd4 Nc5 19. Re1 Qb6 20. h3 Nd3 21. hxg4 Qxd4+ 22. Re3 Bxg4 1/2-1/2

[Event "Caracas Metro"]
[Site "Fuerte Tiuna"]
[Date "2014.02.14"]
[Round "4"]
[White "Ostos, Julio Eduardo"]
[Black "Pinero Salas, Carlos Julio"]
[Result "0-1"]
[WhiteElo "2272"]
[BlackElo "2138"]
[PlyCount "70"]
[EventDate "2014.02.12"]
[EventType "tourn"]
[EventRounds "9"]
[EventCountry "VEN"]
[SourceTitle "CBM 158 Extra"]
[Source "ChessBase"]
[SourceDate "2014.02.28"]
[SourceVersion "1"]
[SourceVersionDate "2014.02.28"]
[SourceQuality "1"]

1. e4 c5 2. Nf3 e6 3. Nc3 Nc6 4. Bb5 Nge7 5. 0-0 a6 6. Bxc6 Nxc6 7. d4 cxd4 8. Nxd4 Qc7 9. Re1 d6 10. Bg5 h6 11. Bh4 g5 12. Bg3 Ne5 13. Nf3 Be7 14. Qd4 f6 15. Qa4+ Bd7 16. Qb3 h5 17. Nd4 Nc4 18. h3 0-0-0 19. Rad1 Kb8 20. Nf5 Bf8 21. Ne3 Ne5 22. f3 Bc8 23. Bf2 g4 24. f4 g3 25. Bxg3 Rg8 26. Kh2 Bh6 27. fxe5 Qg7 28. Ne2 h4 29. exd6 hxg3+ 30. Kh1 Qh7 31. Nd4 Qxe4 32. Nc4 Qd5 33. Qb6 Qxc4 34. b3 Qc3 35. Rf1 Be3 0-1

[Event "Panama op 3rd"]
[Site "Panama City"]
[Date "2013.11.03"]
[Round "6"]
[White "Delgado Ramos, Hector"]
[Black "Ostos, Julio Eduardo"]
[Result "1-0"]
[WhiteElo "2460"]
[BlackElo "2295"]
[PlyCount "55"]
[EventDate "2013.10.30"]
[EventType "swiss"]
[EventRounds "9"]
[EventCountry "PAN"]
[SourceTitle "EXT 2014"]
[Source "ChessBase"]
[SourceDate "2013.11.20"]
[SourceVersion "1"]
[SourceVersionDate "2013.11.20"]
[SourceQuality "1"]

1. d4 Nf6 2. c4 c5 3. d5 g6 4. Nc3 Bg7 5. e4 0-0 6. Bd3 e6 7. h3 d6 8. Nf3 Na6 9. Be3 Nc7 10. a4 Re8 11. 0-0 b6 12. Qd2 a6 13. Ra2 exd5 14. exd5 Rb8 15. b3 b5 16. a5 bxc4 17. bxc4 Rb3 18. Ne2 Nd7 19. Rb1 Rxb1+ 20. Bxb1 Ne5 21. Nxe5 Bxe5 22. Bd3 Bd7 23. Ra3 Qb8 24. Bc2 Qa7 25. Bf4 Bxf4 26. Nxf4 Rb8 27. Nh5 Ne8 28. Qh6 1-0

[Event "Panama op 3rd"]
[Site "Panama City"]
[Date "2013.10.30"]
[Round "1"]
[White "Cantilo Paz, Agustin"]
[Black "Ostos, Julio Eduardo"]
[Result "0-1"]
[WhiteElo "2044"]
[BlackElo "2295"]
[PlyCount "64"]
[EventDate "2013.10.30"]
[EventType "swiss"]
[EventRounds "9"]
[EventCountry "PAN"]
[SourceTitle "EXT 2014"]
[Source "ChessBase"]
[SourceDate "2013.11.20"]
[SourceVersion "1"]
[SourceVersionDate "2013.11.20"]
[SourceQuality "1"]

1. Nf3 Nf6 2. g3 c5 3. c4 g6 4. Bg2 Bg7 5. Nc3 0-0 6. 0-0 d5 7. cxd5 Nxd5 8. Ng5 Nc7 9. d3 Nd7 10. Be3 Rb8 11. d4 cxd4 12. Bxd4 e5 13. Be3 b6 14. Qa4 a6 15. Rfd1 h6 16. Nge4 Ne6 17. Nd5 Nd4 18. Bxd4 exd4 19. Rac1 f5 20. Nd6 Nc5 21. Qc6 Bd7 22. Qc7 Qxc7 23. Nxc7 Be5 24. Bd5+ Kg7 25. b4 Bxd6 26. bxc5 Bxc7 27. c6 Be8 28. Rxd4 Rd8 29. Rcd1 Rf6 30. e4 fxe4 31. Rxe4 Bxc6 32. Re7+ Kf8 0-1

[Event "Bogota University op 7th"]
[Site "Bogota"]
[Date "2013.10.13"]
[Round "7"]
[White "Ostos, Julio Eduardo"]
[Black "Ordonez Gonzalez, Gabriel"]
[Result "1-0"]
[WhiteElo "2295"]
[BlackElo "1884"]
[PlyCount "31"]
[EventDate "2013.10.10"]
[EventType "swiss"]
[EventRounds "9"]
[EventCountry "COL"]
[SourceTitle "CBM 156 Extra"]
[Source "ChessBase"]
[SourceDate "2013.10.22"]
[SourceVersion "1"]
[SourceVersionDate "2013.10.22"]
[SourceQuality "1"]

1. e4 g6 2. d4 d6 3. Nc3 Bg7 4. Bc4 Nf6 5. Bb3 c6 6. a4 0-0 7. Nf3 Bg4 8. h3 Bxf3 9. Qxf3 Nbd7 10. 0-0 e5 11. dxe5 Nxe5 12. Qe2 Kh8 13. Bg5 h6 14. Be3 Nxe4 15. Nxe4 f5 16. f4 1-0

[Event "Bogota University op 7th"]
[Site "Bogota"]
[Date "2013.10.10"]
[Round "2"]
[White "Obregon Rivero, Juan Carlos"]
[Black "Ostos, Julio Eduardo"]
[Result "1-0"]
[WhiteElo "2526"]
[BlackElo "2295"]
[PlyCount "106"]
[EventDate "2013.10.10"]
[EventType "swiss"]
[EventRounds "9"]
[EventCountry "COL"]
[SourceTitle "CBM 156 Extra"]
[Source "ChessBase"]
[SourceDate "2013.10.22"]
[SourceVersion "1"]
[SourceVersionDate "2013.10.22"]
[SourceQuality "1"]

1. e4 e6 2. d4 d5 3. Nc3 Bb4 4. e5 b6 5. Qg4 Bf8 6. Bg5 Qd7 7. h4 h6 8. Be3 h5 9. Qd1 Ba6 10. Bxa6 Nxa6 11. Qe2 Nb4 12. a3 Nc6 13. Nf3 Nge7 14. 0-0 Nf5 15. Rfd1 Na5 16. b3 Be7 17. g3 Rc8 18. Na4 c5 19. dxc5 bxc5 20. Nb2 Qb7 21. Bg5 Bxg5 22. Nxg5 Nc6 23. Rac1 Ncd4 24. Qf1 f6 25. exf6 gxf6 26. Rxd4 Nxd4 27. Nh3 e5 28. Qd1 Kf7 29. Nd3 c4 30. bxc4 dxc4 31. Ng5+ Kg7 32. Nxe5 fxe5 33. c3 Nb3 34. Qd6 Rhe8 35. Re1 Qe7 36. Qd5 Nc5 37. Qf3 Qf6 38. Qxh5 Qg6 39. Qg4 Kh6 40. Rxe5 Rxe5 41. Qxc8 Qe8 42. Qc7 Re1+ 43. Kh2 Qe7 44. Qc8 Kg7 45. Qf5 Kh6 46. Nf7+ Kg7 47. Ng5 Kh6 48. Qc8 Kg7 49. Qf5 Kh6 50. Nf3 Re2 51. Qf4+ Kg7 52. Nd4 Re5 53. Nc6 Qd8 1-0